El Código Secreto de Pachakuteq / (Record no. 22828)

000 -CABECERA
fixed length control field 00941nam a22002297i 4500
003 - IDENTIFICADOR DEL NÚMERO DE CONTROL
control field AR-CdUCM
008 - DATOS DE LONGITUD FIJA--INFORMACIÓN GENERAL
fixed length control field 240416b20212021pe ||||| |||| 00| 0 spa d
020 ## - NÚMERO INTERNACIONAL ESTÁNDAR DEL LIBRO
ISBN 978-612-00-6956-1
040 ## - FUENTE DE LA CATALOGACIÓN
Agencia/entidad que catalogó originalmente la obra MUNICIPALIDAD PROVINCIAL DEL CUSCO
Entidad que transcribió la catalogación BIBLIOTECA MUNICIPAL DEL CUSCO
082 ## - NÚMERO DE LA CLASIFICACIÓN DECIMAL DEWEY
No. de Clasificación 869.56 / M22C / e.2
Notacion interna M22C / e.2
100 ## - ENTRADA PRINCIPAL--NOMBRE DE PERSONA
Nombre Personal Manya Salas, Jesús
245 ## - MENCIÓN DE TÍTULO
Título El Código Secreto de Pachakuteq /
260 ## - PUBLICACIÓN, DISTRIBUCIÓN, ETC.
Lugar de publicación, distribución, etc. Cusco :
Fecha de publicación, distribución, etc. 2021
300 ## - DESCRIPCIÓN FÍSICA
Nº de Páginas Extensión 118 Páginas. :
Dimensiones 20.9 cm.
505 ## - NOTA DE CONTENIDO CON FORMATO
Nota de contenido formateada Pantaq Pantariy -- Qhaway, Yachay, Unanchay, Hamutay -- Hatun K´ana -- Pacha Unanchay -- Apu Mollo Q´awa
650 ## - PUNTO DE ACCESO ADICIONAL DE MATERIA--TÉRMINO DE MATERIA
Descriptor Pantaqpantariy.
9 (RLIN) 49551
650 ## - PUNTO DE ACCESO ADICIONAL DE MATERIA--TÉRMINO DE MATERIA
Descriptor Qhaway, yachay, unanchay, hamut`ay: Observar, aprender, interpretar y sistematizar.
9 (RLIN) 49552
650 ## - PUNTO DE ACCESO ADICIONAL DE MATERIA--TÉRMINO DE MATERIA
Descriptor Titi Qaqamanta Pachakamaqkama: Desde el Santuario del Sol al Santuario de la Madre Tierra
9 (RLIN) 49553
650 ## - PUNTO DE ACCESO ADICIONAL DE MATERIA--TÉRMINO DE MATERIA
Descriptor Yauri Panaka
9 (RLIN) 49564
942 ## - ELEMENTOS DE PUNTO DE ACCESO ADICIONAL (KOHA)
Fuente de clasificación
Tipo de item Libros-BMC
945 ## - PROCESAMIENTO DE INFORMACIÓN LOCAL (OCLC)
Catalogador pbj
AAAA-MM-DD - Fecha de ingreso o modificacion 2024-04-16
Holdings
Estado de retiro (separado) Fuente de clasificación o esquema de estanterías Estado dañado Ubicación Sala donde se ubica Nombre de la colección Fecha de adquisición o compra Fuente de adquisición Costo, precio normal en soles Signatura topográfica Código de Barras Última vez visto (Koha) Tipo de ítem (Koha)
No     Sala Humanidades Sala Humanidades Book Cart 2024-04-16 Donacion 20.00 869.56 / M22C / e.2 SH0000016656 2024-04-16 Libros-BMC

Powered by Koha